Капитолийская волчица. Рим до цезарей

Detalles Bibliográficos
Autor Principal: Гаспаров М. Л. Михаил Леонович
Summary:У римлян не было такого обилия мифологических легенд, как у греков. Зато у них было очень много исторических легенд о героическом прошлом своего народа. Как всякий грек с детства слышал рассказы о Геракле, Эдипе, Тесее, Ахилле, так всякий римлянин — о Горациях и Куриациях, благородной Лукреции и бесстрашном Муции Сцеволе, о Фабриции и Катоне. Эти истории об основании Вечного города па семи холмах, мудрости его законодателей, простоте нравов, самоотверженности граждан и доблести воинов и легли в основу предлагаемой книги. Стиль ее изложения в свойственной М. Л. Гаспарову популярной манере, сочетающей краткость и емкость изложения с его доступностью и еле уловимым юмором, продолжает традиции «Занимательной Греции». Книга рассчитана на широкий крут любознательных читателей.
Idioma:ruso
Publicado: Москва, Фортуна ЭЛ, 2008
Subjects:
Formato: MixedMaterials Libro
KOHA link:https://koha.lib.tpu.ru/cgi-bin/koha/opac-detail.pl?biblionumber=155943

MARC

LEADER 00000nam0a2200000 4500
001 155943
005 20231101221854.0
010 |a 9785958200467 
035 |a (RuTPU)RU\TPU\book\169132 
090 |a 155943 
100 |a 20090320d2008 m y0rusy50 ca 
101 0 |a rus 
102 |a RU 
105 |a a z 000zd 
200 1 |a Капитолийская волчица. Рим до цезарей  |f М. Л. Гаспаров 
210 |a Москва  |c Фортуна ЭЛ  |d 2008 
215 |a 144 с.  |c ил. 
330 |a У римлян не было такого обилия мифологических легенд, как у греков. Зато у них было очень много исторических легенд о героическом прошлом своего народа. Как всякий грек с детства слышал рассказы о Геракле, Эдипе, Тесее, Ахилле, так всякий римлянин — о Горациях и Куриациях, благородной Лукреции и бесстрашном Муции Сцеволе, о Фабриции и Катоне. Эти истории об основании Вечного города па семи холмах, мудрости его законодателей, простоте нравов, самоотверженности граждан и доблести воинов и легли в основу предлагаемой книги. Стиль ее изложения в свойственной М. Л. Гаспарову популярной манере, сочетающей краткость и емкость изложения с его доступностью и еле уловимым юмором, продолжает традиции «Занимательной Греции». Книга рассчитана на широкий крут любознательных читателей. 
600 0 |a Ромул  |c легендарный основатель Рима  |f 8 в. до н. э.  |2 stltpush  |3 (RuTPU)RU\TPU\pers\6715  |9 1228 
600 0 |a Нума Помпилий  |c царь Древнего Рима  |f период правления 715-673/672 до н.э.  |2 stltpush  |3 (RuTPU)RU\TPU\pers\4344  |9 946 
600 0 |a Валерий Публикола  |c древнеримский государственный деятель  |f 6 в. до н.э.  |2 stltpush  |3 (RuTPU)RU\TPU\pers\6716  |9 1229 
600 0 |a Кориолан  |c древнеримский полководец  |c патриций  |f 5 в. до н. э.  |2 stltpush  |3 (RuTPU)RU\TPU\pers\6717  |9 1230 
600 0 |a Пирр  |c царь Эпира  |f 319-273 до н.э.  |2 stltpush  |3 (RuTPU)RU\TPU\pers\4348  |9 950 
600 0 |a Ганнибал  |c карфагенский полководец  |f 247/246-183 до н.э.  |2 stltpush  |3 (RuTPU)RU\TPU\pers\608  |9 284 
600 0 |a Фабий Максим Кунктатор  |c римский полководец  |f 275-203 до н. э.  |2 stltpush  |3 (RuTPU)RU\TPU\pers\6719  |9 1232 
600 0 |a Архимед  |c древнегреческий учёный  |c математик  |c механик  |c инженер  |f 287-212 до н.э.  |2 stltpush  |3 (RuTPU)RU\TPU\pers\1364  |9 606 
600 0 |a Сципион Африканский (Старший) Публий Корнелий  |c римский полководец  |f 235-183 до н.э.  |2 stltpush  |3 (RuTPU)RU\TPU\pers\4366  |9 967 
600 0 |a Катон Старший (или Цензор) Марк Порций  |c римский государственный деятель  |c писатель  |f 234-149 до н.э.  |2 stltpush  |3 (RuTPU)RU\TPU\pers\6721  |9 1233 
606 1 |a Рим Древний  |x История  |2 stltpush  |3 (RuTPU)RU\TPU\subj\58965  |9 76639 
610 1 |a римляне 
610 1 |a римские жрецы 
610 1 |a римские боги 
610 1 |a войны 
610 1 |a нравы 
610 1 |a суеверия 
610 1 |a Македония 
610 1 |a Карфаген 
610 1 |a Гальское нашествие 
610 1 |a кавдинское иго 
686 |a Т3(0)323  |v LBC/SL-A  |2 rubbk 
700 1 |a Гаспаров  |b М. Л.  |g Михаил Леонович 
801 1 |a RU  |b 63413507  |c 20090320  |g PSBO 
801 2 |a RU  |b 63413507  |c 20160513  |g PSBO 
942 |c BK